Implementación de una macro celda de interfaz para transmisión y recepción de datos compatible con el estandar de bus de serie universal 2.0
Збережено в:
| Автор: | |
|---|---|
| Формат: | Книга |
| Опубліковано: |
[San José, Costa Rica]
2009
|
| Предмети: | |
| Теги: |
Додати тег
Немає тегів, Будьте першим, хто поставить тег для цього запису!
|
MARC
| LEADER | 00000nam a2200000Ia 4500 | ||
|---|---|---|---|
| 003 | 001600 | ||
| 005 | 20221231144039.0 | ||
| 008 | 140114s2009 cr a 000 ||s d | ||
| 040 | |c cru CEDI | ||
| 090 | |a TFG 6112 | ||
| 100 | |a Alfaro Jiménez, José Alberto |9 1714 | ||
| 245 | |a Implementación de una macro celda de interfaz para transmisión y recepción de datos compatible con el estandar de bus de serie universal 2.0 | ||
| 260 | |c 2009 |b [San José, Costa Rica] | ||
| 500 | |a Proyecto de graduación (bachillerato en ingeniería eléctrica)--Universidad de Costa Rica. Facultad de Ingeniería. Escuela de Ingeniería Eléctrica, 2009 IE-0502 Proyecto Eléctrico | ||
| 650 | |x VERILOG (LENGUAJE PARA DESCRIPCION DE EQUIPO DE COMPUTACION) |x USB (BUS PARA COMPUTADORAS) |9 3193 | ||
| 942 | |c TFG | ||
| 999 | |c 16103 |d 16103 | ||
